El Proyecto de Gramsci / (Record no. 8060)

MARC details
000 -LEADER
campo de control de longitud fija 00911nam a2200277 i 4500
001 - NÚMERO DE CONTROL
campo de control 8060
003 - IDENTIFICADOR DE NÚMERO DE CONTROL
campo de control ES-MaACL
005 - FECHA Y HORA DE LA ÚLTIMA TRANSACCIÓN
campo de control 20250801131150.0
007 - CAMPO FIJO DE DESCRIPCIÓN FÍSICA--INFORMACIÓN GENERAL
campo de control de longitud fija t|
008 - DATOS DE LONGITUD FIJA--INFORMACIÓN GENERAL
campo de control de longitud fija 910623s1991 sp ||||1| spa d
020 ## - NÚMERO INTERNACIONAL ESTÁNDAR DEL LIBRO
Número Internacional Estándar del Libro 84-7658-282-X
080 ## - NÚMERO DE LA CLASIFICACIÓN DECIMAL UNIVERSAL
Número de la Clasificación Decimal Universal 141.82
080 ## - NÚMERO DE LA CLASIFICACIÓN DECIMAL UNIVERSAL
Número de la Clasificación Decimal Universal 1 Gramsci
100 1# - ENTRADA PRINCIPAL--NOMBRE DE PERSONA
Nombre de persona Díaz-Salazar, Rafael.
9 (RLIN) 44418
245 13 - MENCIÓN DEL TÍTULO
Título El Proyecto de Gramsci /
Mención de responsabilidad, etc. Rafael Diaz Salazar ; prologo de Francisco Fernandez Buey.
250 ## - MENCION DE EDICION
Mención de edición 1a ed.
260 ## - PUBLICACIÓN, DISTRIBUCIÓN, ETC.
Lugar de publicación, distribución, etc. Barcelona :
Nombre del editor, distribuidor, etc. Anthropos :
-- ; Madrid : HOAC,
Fecha de publicación, distribución, etc. 1991.
300 ## - DESCRIPCIÓN FÍSICA
Extensión 512 p. ;
Dimensiones 20 cm.
490 1# - MENCIÓN DE SERIE
Mención de serie Pensamiento crítico/pensamiento utópico ;
Designación de volumen o secuencia 58
504 ## - NOTA DE BIBLIOGRAFÍA, ETC.
Nota de bibliografía, etc. Bibliogr.: p. 471-506.
600 14 - PUNTO DE ACCESO ADICIONAL DE MATERIA--NOMBRE DE PERSONA
Nombre de persona Gramsci, Antonio,
Fechas asociadas al nombre 1891-1937
9 (RLIN) 241506
700 1# - ENTRADA AGREGADA--NOMBRE PERSONAL
Nombre de persona Fernández Buey, Francisco.
9 (RLIN) 49526
830 0# - PUNTO DE ACCESO ADICIONAL DE SERIE-TÍTULO UNIFORME
Título uniforme Pensamiento crítico/pensamiento utópico ;
Designación de volumen o secuencia 58
9 (RLIN) 177290
852 ## - LOCALIZACIÓN
Ubicación ES-MaACL
Número de control de estantería L-15315
Sublocalización o colección R.119434
Nota libre . - rust.
Holdings
Estatus retirado Estado de pérdida Estado de daño No para préstamo Biblioteca de origen Biblioteca actual Ubicación en estantería Fecha de adquisición Fuente de adquisición Total de préstamos Signatura topográfica completa Código de barras Visto por última vez Precio de reemplazo Tipo de ítem Koha
        Biblioteca del Ateneo de Madrid Biblioteca del Ateneo de Madrid Depósito 2 17/01/2008     L-15315 1008219 23/02/2023 23/02/2023 Libro impreso